| 000 | 00453 a2200133 4500 | ||
|---|---|---|---|
| 001 | 90975 | ||
| 082 | _aPR 1780 | ||
| 090 |
_c43114 _d43114 |
||
| 100 | _aAbia Almas Khan ; Prof Mansoor Ahsan and Nayyer Affaq (Advisors) | ||
| 245 |
_aDesign and Implementation of Collision Avoidance Enabled Autonomous Navigation System for a Small Scale Airship _n76th 'B' EC |
||
| 260 |
_aRawalpindi _bNUST _c2014 |
||
| 300 | _axvii;148p | ||
| 500 | _aBE Project Reports | ||
| 942 |
_aCAE NUST _kPR 1780 |
||
| 999 |
_c326048 _d326048 |
||